Danse avec les Stars - Tous les vainqueurs (stars) - Statistiques

Statistiques générales
  • Ce quiz a été pris 440 fois
    53 depuis la dernière actualisation
  • Le résultat moyen est 11 sur 15
Statistiques - réponses
Saisons Danseurs/ses Stars % Correct
Saison 15 Ana Riera Samuel Bambi
87%
Saison 11 Fauve Hautot Tayc
87%
Saison 4 Grégoire Lyonnet Alizée
82%
Saison 14 Jordan Mouillerac Lénie Vachet
82%
Saison 1 Katrina Patchett M. Pokora
82%
Saison 6 Denitsa Ikonomova Loïc Nottet
79%
Saison 13 Anthony Colette Natasha St-Pier
79%
Saison 5 Denitsa Ikonomova Rayane Bensetti
74%
Saison 2 Maxime Dereymez Shy'm
72%
Saison 3 Fauve Hautot Emmanuel Moire
69%
Saison 7 Denitsa Ikonomova Laurent Maistret
59%
Saison 12 Fauve Hautot Billy Crawford
56%
Saison 8 Candice Pascal Agustín Galiana
54%
Saison 9 Denitsa Ikonomova Clément Rémiens
54%
Saison 10 Fauve Hautot Sami El Gueddari
41%
Aucun quiz correspondant
Distribution des résultats
% des personnes avec chaque résultat
Percentile par nombre de réponses
Votre historique - résultats
Vous n’avez pas pris ce quiz depuis la dernière actualisation